Bộ thủ tục hành chính về xây dựng : Thuộc phạm vi, chức năng quản lý của Bộ xây dựng được áp dụng thống nhất từ trung ương đến cơ sở

Nội dung cuốn sách giới thiệu: Danh mục các quyết định công bố thủ tục hành chính của Bộ xây dựng. Nội dung cụ thể của từng thủ tục hành chính thuộc phạm vi chức năng quản lý của Bộ xây dựng và danh mục thủ tục hành chính bị bãi bỏ....

Полное описание

Сохранить в:
Библиографические подробности
Формат:
Язык:Undetermined
Опубликовано: Hà Nội Chính trị Quốc gia - Sự thật 2012
Предметы:
Метки: Добавить метку
Нет меток, Требуется 1-ая метка записи!
Thư viện lưu trữ: Trung tâm Học liệu Trường Đại học Cần Thơ
LEADER 01172nam a2200205Ia 4500
001 CTU_207088
008 210402s9999 xx 000 0 und d
020 |c 71000 
082 |a 346.597045 
082 |b B450 
245 0 |a Bộ thủ tục hành chính về xây dựng : 
245 0 |b Thuộc phạm vi, chức năng quản lý của Bộ xây dựng được áp dụng thống nhất từ trung ương đến cơ sở 
245 0 |c Ma Thị Luận (biên soạn) 
260 |a Hà Nội 
260 |b Chính trị Quốc gia - Sự thật 
260 |c 2012 
520 |a Nội dung cuốn sách giới thiệu: Danh mục các quyết định công bố thủ tục hành chính của Bộ xây dựng. Nội dung cụ thể của từng thủ tục hành chính thuộc phạm vi chức năng quản lý của Bộ xây dựng và danh mục thủ tục hành chính bị bãi bỏ. 
650 |a Construction law,Administrative process,Luật xây dựng,Thủ tục hành chính 
904 |i Qhieu 
980 |a Trung tâm Học liệu Trường Đại học Cần Thơ